Tecnológico 2 : (Record no. 1149)

MARC details
000 -LEADER
campo de control de longitud fija 01437nam a22003977a 4500
008 - DATOS DE LONGITUD FIJA--INFORMACIÓN GENERAL
campo de control de longitud fija 170215s2003 cr||||| |||| 00| 0 spa d
020 ## - NÚMERO INTERNACIONAL ESTÁNDAR DEL LIBRO
Número Internacional Estándar del Libro 9968899097
082 04 - NÚMERO DE LA CLASIFICACIÓN DECIMAL DEWEY
Número de clasificación 708
Número de ítem A185t
100 1# - ENTRADA PRINCIPAL--NOMBRE DE PERSONA
Nombre de persona Acosta, Daniel.
9 (RLIN) 5732
245 10 - MENCIÓN DEL TÍTULO
Título Tecnológico 2 :
Resto del título espadas de doble filo /
Mención de responsabilidad, etc. Daniel Acosta...[et. al.] ; curaduría por Luis Fernando Quirós ; TEOR/ética.
250 ## - MENCION DE EDICION
Mención de edición 1a ed.
260 ## - PUBLICACIÓN, DISTRIBUCIÓN, ETC.
Lugar de publicación, distribución, etc. San José, Costa Rica :
Nombre del editor, distribuidor, etc. TEOR/ética,
Fecha de publicación, distribución, etc. 2003.
300 ## - DESCRIPCIÓN FÍSICA
Extensión 28 p.
Otras características físicas il. col.
500 ## - NOTA GENERAL
Nota general Catálogo publicado con motivo a la exhibición "Tecnológico 2: espadas de doble filo", presentada del 8 de abril al 14 de mayo de 2003, en TEOR/ética.
653 10 - TÉRMINO DE INDIZACIÓN--NO CONTROLADO
Término no controlado Arte contemporáneo
653 10 - TÉRMINO DE INDIZACIÓN--NO CONTROLADO
Término no controlado Catálogo de exhibición
653 10 - TÉRMINO DE INDIZACIÓN--NO CONTROLADO
Término no controlado Exhibiciones
700 1# - ENTRADA AGREGADA--NOMBRE PERSONAL
Nombre de persona Albán, Jorge.
9 (RLIN) 5733
700 1# - ENTRADA AGREGADA--NOMBRE PERSONAL
Nombre de persona Ávila, Ricardo.
9 (RLIN) 5734
700 1# - ENTRADA AGREGADA--NOMBRE PERSONAL
Nombre de persona Boss, Peter.
9 (RLIN) 5735
700 1# - ENTRADA AGREGADA--NOMBRE PERSONAL
Nombre de persona Carballo, Dinorah.
9 (RLIN) 5736
700 1# - ENTRADA AGREGADA--NOMBRE PERSONAL
Nombre de persona Hernández, J.A.
9 (RLIN) 5737
700 1# - ENTRADA AGREGADA--NOMBRE PERSONAL
Nombre de persona Madriz, Lucía.
9 (RLIN) 3785
700 1# - ENTRADA AGREGADA--NOMBRE PERSONAL
Nombre de persona Monge, Priscilla.
9 (RLIN) 5671
700 1# - ENTRADA AGREGADA--NOMBRE PERSONAL
Nombre de persona Murillo, Joaquín.
9 (RLIN) 5738
700 1# - ENTRADA AGREGADA--NOMBRE PERSONAL
Nombre de persona Amoris, Ordo.
9 (RLIN) 5739
700 1# - ENTRADA AGREGADA--NOMBRE PERSONAL
Nombre de persona Pamio, Oscar.
9 (RLIN) 5740
700 1# - ENTRADA AGREGADA--NOMBRE PERSONAL
Nombre de persona Ríos, Angel Ricardo.
9 (RLIN) 5741
700 1# - ENTRADA AGREGADA--NOMBRE PERSONAL
Nombre de persona Rodríguez del Paso, Joaquín.
9 (RLIN) 3970
700 1# - ENTRADA AGREGADA--NOMBRE PERSONAL
Nombre de persona Sánchez, Olger.
9 (RLIN) 5742
700 1# - ENTRADA AGREGADA--NOMBRE PERSONAL
Nombre de persona Sancho, José.
9 (RLIN) 5743
700 1# - ENTRADA AGREGADA--NOMBRE PERSONAL
Nombre de persona Poyo, Txuspo.
9 (RLIN) 5744
700 1# - ENTRADA AGREGADA--NOMBRE PERSONAL
Nombre de persona De Vicente, Ana.
9 (RLIN) 5745
700 1# - ENTRADA AGREGADA--NOMBRE PERSONAL
Nombre de persona Zumbado, Manuel.
9 (RLIN) 5746
710 1# - ENTRADA AGREGADA--NOMBRE DE ENTIDAD CORPORATIVA
Nombre de entidad corporativa o nombre de jurisdicción como elemento de entrada TEOR/ética.
9 (RLIN) 5471
Holdings
Estatus retirado Estado de pérdida Fuente del sistema de clasificación o colocación Estado de daño No para préstamo Biblioteca de origen Biblioteca actual Ubicación en estantería Fecha de adquisición Total de préstamos Signatura topográfica completa Código de barras Visto por última vez Precio de reemplazo Tipo de ítem Koha
    Clasificación Decimal Dewey     Biblioteca LadoV Biblioteca LadoV   15/02/2017   708 A185t 004313 15/02/2017 15/02/2017 Material 01
    Clasificación Decimal Dewey     Biblioteca LadoV Biblioteca LadoV   20/09/2018   708 A185t 002251 20/09/2018 20/09/2018 Material 01